000 00507nam a2200193Ia 4500
005 20250923144726.0
008 008 250917s9999 xx 000 0 eng d
037 _aTextual
040 _aDSWL
_beng
_cDSWL
041 _aeng
_2eng
084 _qDSWL
245 0 _aMarriage studies in emotional conflict and growth
_cEd. by Lily Pincus
260 _aLondon
_b Methuen & Co. Ltd.
_c1960
300 _a253p.
365 _aINR
_b26 .
925 _g26 .
942 _cTEXL
999 _c1442539
_d1442539